000 00442cam a2200181ua 4500
041 _aeng
_h
082 _a633
_bTHA/HA
100 _aThampan, P.K.
245 _aHand book on coconut palm /
_cP.K Thampan.
_hTextual Documents
260 _aMumbai :
_bOxford & IBH Book Company ,
_c1984.
300 _a311 ; .
504 _a
942 _cBK
999 _c6785
_d6785